| 000 | 01168nam a22003737a 4500 | ||
|---|---|---|---|
| 001 | 00260 | ||
| 003 | DO-SdBNP | ||
| 005 | 20171116120447.0 | ||
| 007 | 00260 | ||
| 008 | 151106b 1987 sp |||| 00| 0 spa d | ||
| 020 | _a8475254284 | ||
| 040 |
_aBPMSU _bspa _cBPMSU |
||
| 041 | 1 | 7 |
_aspa _h |
| 082 | 4 |
_a843.8 _bV531u |
|
| 092 |
_a _b |
||
| 100 | 1 |
_aVerne, Jules, _d1828-1905. |
|
| 245 | 1 | 0 |
_aUn drama en Livonia / _cJules Verne ; traducción Miguel Salabert ; apéndice Constantino Bértolo Cadenas ; ilustración L. Benett |
| 260 |
_aMadrid : _bEditorial Anaya, _c1987. |
||
| 300 |
_a224 p. : _bil. ; _c20 cm. |
||
| 490 | 1 |
_aTus libros ; _aAventuras _v75 |
|
| 505 | _aBibliografía : p. 222 | ||
| 534 | _aUn drame en Livonie. | ||
| 650 | _aNOVELA JUVENIL FRANCESA | ||
| 650 | _2LITERATURA JUVENIL FRANCESA | ||
| 700 |
_aSalabert, Miguel _etraductor |
||
| 700 | _aBertolo Cadenas, Constantino | ||
| 700 |
_aBenett, L. _eililustraciones |
||
| 830 |
_aTus libros ; _paventuras _v75 |
||
| 910 | _a | ||
| 942 |
_2ddc _cBK |
||
| 945 | _aInventariado extranjero / 2017 VM | ||
| 956 | _aLorenza Pérez | ||
| 956 |
_aVMATEO _b10 _c201601031 _dBPMSU _f0069 |
||
| 999 |
_c8592 _d8592 |
||